[Event "TUR Cup"]
[Site "Denizli"]
[Date "2023.07.19"]
[Round "5"]
[White "Ayazmali, Gizem"]
[Black "Tokbas, Sila"]
[Result "1-0"]
[WhiteElo "1778"]
[BlackElo "1115"]
[PlyCount "69"]
[EventDate "2023.07.16"]
[EventType "team-tourn"]
[EventRounds "9"]
[EventCountry "TUR"]
[SourceTitle "CBM 215 Extra"]
[Source "ChessBase"]
[SourceDate "2023.09.30"]
[SourceVersion "1"]
[SourceVersionDate "2023.09.30"]
[SourceQuality "1"]

1. e4 e5 2. Nf3 Nc6 3. Bc4 Bc5 4. c3 Nf6 5. d3 d6 6. h3 h6 7. Nbd2 a6 8. Bb3 Bd7 9. Nf1 Qe7 10. Ne3 Bxe3 11. Bxe3 Nd8 12. Qe2 Ne6 13. g3 Nh7 14. Nh4 Nef8 15. 0-0-0 0-0-0 16. Nf5 Bxf5 17. exf5 Nd7 18. Qh5 Rdf8 19. Qg4 Rhg8 20. Rhe1 Nhf6 21. Qa4 Nb8 22. g4 Qd7 23. Qa3 Qc6 24. d4 exd4 25. Bxd4 Nbd7 26. Re7 Ne5 27. Bxe5 dxe5 28. Bxf7 Rh8 29. Be6+ Kb8 30. Rxg7 Rd8 31. Rxd8+ Rxd8 32. Kc2 Qe4+ 33. Kb3 Qe2 34. Qc5 Ne4 35. Qxc7+ 1-0

[Event "TUR Cup"]
[Site "Denizli"]
[Date "2023.07.19"]
[Round "6"]
[White "Mullakutukcu, Ela"]
[Black "Ayazmali, Gizem"]
[Result "1/2-1/2"]
[WhiteElo "1405"]
[BlackElo "1778"]
[PlyCount "128"]
[EventDate "2023.07.16"]
[EventType "team-tourn"]
[EventRounds "9"]
[EventCountry "TUR"]
[SourceTitle "CBM 215 Extra"]
[Source "ChessBase"]
[SourceDate "2023.09.30"]
[SourceVersion "1"]
[SourceVersionDate "2023.09.30"]
[SourceQuality "1"]

1. d4 Nf6 2. Bf4 g6 3. e3 Bg7 4. Be2 d6 5. h3 0-0 6. Nf3 c5 7. 0-0 cxd4 8. exd4 Qb6 9. Qc1 Nc6 10. c3 Nd5 11. Bh2 Bf5 12. Nh4 Bd7 13. Nf3 Rac8 14. Qd2 Kh8 15. Na3 f5 16. Nc4 Qc7 17. Ne3 Nf6 18. Rfd1 Ne4 19. Qe1 Rce8 20. Bd3 Nf6 21. Qf1 e5 22. dxe5 dxe5 23. Nc4 f4 24. Bc2 Be6 25. Re1 Nb4 26. Na3 Nxc2 27. Nxc2 Bc4 28. Re2 Bxe2 29. Qxe2 Nd5 30. Rd1 Nb6 31. Nb4 Qf7 32. Ng5 Qe7 33. Ne4 Rd8 34. Re1 Nd5 35. Nxd5 Rxd5 36. Nd2 Qd7 37. Nf3 Rd8 38. Ng5 h6 39. Nf3 Qf5 40. c4 Rd3 41. Kh1 g5 42. Bg1 Re8 43. Nd2 b6 44. Ne4 Red8 45. f3 Qd7 46. c5 Qd5 47. Nc3 Qc6 48. Ne4 bxc5 49. Bxc5 a5 50. Be7 R8d5 51. Ba3 R3d4 52. b3 Qb5 53. Qc2 Qd3 54. Qc1 Rd8 55. Kh2 Qb5 56. Be7 Re8 57. Nd6 Qd7 58. Nxe8 Qxe7 59. Nxg7 Kxg7 60. Qc3 Rd5 61. Re2 Qd6 62. Rc2 Qd7 63. Re2 Kf6 64. Re4 Qd6 1/2-1/2

[Event "TUR-chT 2nd League"]
[Site "Konya"]
[Date "2019.07.25"]
[Round "6.3"]
[White "Ozaltun, Ecem"]
[Black "Ayazmali, Gizem"]
[Result "1/2-1/2"]
[WhiteElo "1551"]
[BlackElo "1767"]
[PlyCount "80"]
[EventDate "2019.07.22"]
[EventType "team-swiss"]
[EventRounds "9"]
[EventCountry "TUR"]
[SourceTitle "CBM 191 Extra"]
[Source "ChessBase"]
[SourceDate "2019.09.30"]
[SourceVersion "1"]
[SourceVersionDate "2019.09.30"]
[SourceQuality "1"]
[WhiteTeam "Eskiseh Tasci"]
[BlackTeam "Bursa Nida"]
[WhiteTeamCountry "TUR"]
[BlackTeamCountry "TUR"]

1. d4 f5 2. c4 e6 3. Nc3 Nf6 4. g3 Bb4 5. Bd2 0-0 6. Bg2 d6 7. a3 Bxc3 8. Bxc3 Nbd7 9. e3 Ne4 10. Ne2 Ndf6 11. f3 Nxc3 12. Nxc3 Qe8 13. 0-0 e5 14. dxe5 dxe5 15. Nd5 Qf7 16. Nxf6+ Qxf6 17. Qd5+ Kh8 18. Rfd1 h5 19. b4 h4 20. Kf2 c6 21. Qd2 Be6 22. Qc3 Rae8 23. Rd2 f4 24. exf4 exf4 25. Qxf6 Rxf6 26. Rd4 h3 27. Bf1 fxg3+ 28. Kxg3 Ref8 29. Rh4+ Kg8 30. Bxh3 Rxf3+ 31. Kg2 Bxh3+ 32. Rxh3 Rxh3 33. Kxh3 Rf3+ 34. Kg2 Rc3 35. c5 Kh7 36. Ra2 Kg6 37. Kf1 Kf5 38. Rf2+ Ke6 39. Re2+ Kf6 40. Rf2+ Ke5 1/2-1/2

[Event "TUR-chT 2nd League"]
[Site "Konya"]
[Date "2018.07.19"]
[Round "5.11"]
[White "Akar, Nilay"]
[Black "Ayazmali, Gizem"]
[Result "0-1"]
[WhiteElo "1501"]
[BlackElo "1809"]
[PlyCount "92"]
[EventDate "2018.07.16"]
[EventType "team-swiss"]
[EventRounds "9"]
[EventCountry "TUR"]
[SourceTitle "EXT 2019"]
[Source "ChessBase"]
[SourceDate "2018.10.10"]
[SourceVersion "1"]
[SourceVersionDate "2018.10.10"]
[SourceQuality "1"]
[WhiteTeam "Mardin Kale"]
[BlackTeam "Bursa Nida"]
[WhiteTeamCountry "TUR"]
[BlackTeamCountry "TUR"]

1. e4 d6 2. d4 g6 3. Nf3 Bg7 4. Bc4 Nf6 5. Nc3 0-0 6. Be3 c6 7. Qd2 b5 8. Bd3 Ng4 9. h3 Nxe3 10. Qxe3 Nd7 11. g4 b4 12. Ne2 c5 13. Rb1 Qa5 14. 0-0 cxd4 15. Nfxd4 Bb7 16. f4 Nc5 17. Nb3 Nxb3 18. axb3 Qc7 19. h4 d5 20. e5 Bc8 21. Qf3 Qd7 22. Nd4 Qxg4+ 23. Qxg4 Bxg4 24. Nc6 e6 25. Nxb4 Rfc8 26. Rf2 a5 27. Na2 Bf8 28. Kh2 a4 29. bxa4 Rxa4 30. Nc3 Rb4 31. Ne2 Bxe2 32. Rxe2 Rxf4 33. Kg3 Rb4 34. c3 Rb6 35. Ra1 Rcb8 36. b4 d4 37. cxd4 Rxb4 38. Be4 Rxd4 39. Ra7 Rb3+ 40. Kg2 Rdb4 41. Raa2 h5 42. Rad2 Be7 43. Kf1 Bxh4 44. Rd7 Rb2 45. Bf3 Rxe2 46. Kxe2 Rb5 0-1

[Event "TUR-chT 2nd League"]
[Site "Konya"]
[Date "2018.07.17"]
[Round "3.8"]
[White "Ayazmali, Gizem"]
[Black "Dogan, Sevval"]
[Result "1-0"]
[WhiteElo "1809"]
[BlackElo "1817"]
[PlyCount "65"]
[EventDate "2018.07.16"]
[EventType "team-swiss"]
[EventRounds "9"]
[EventCountry "TUR"]
[SourceTitle "EXT 2019"]
[Source "ChessBase"]
[SourceDate "2018.10.10"]
[SourceVersion "1"]
[SourceVersionDate "2018.10.10"]
[SourceQuality "1"]
[WhiteTeam "Bursa Nida"]
[BlackTeam "Mezopotamya"]
[WhiteTeamCountry "TUR"]
[BlackTeamCountry "TUR"]

1. d4 Nf6 2. Bf4 d5 3. e3 e6 4. Nf3 c5 5. c3 Nc6 6. Bd3 Bd6 7. Bg3 0-0 8. Nbd2 b6 9. 0-0 Qc7 10. e4 Bxg3 11. hxg3 dxe4 12. Nxe4 Qe7 13. Nxf6+ Qxf6 14. dxc5 Rd8 15. Qc2 bxc5 16. Bxh7+ Kf8 17. Be4 Bb7 18. Qa4 Rac8 19. Qb5 Qe7 20. Rad1 Rxd1 21. Rxd1 f5 22. Bxc6 Bxc6 23. Qd3 Be4 24. Qd7 Rc7 25. Qxe7+ Kxe7 26. Ne5 c4 27. f3 Bd5 28. Ng6+ Kf6 29. Nf4 Bb7 30. Rd6 Re7 31. b3 g5 32. Ne2 Bd5 33. b4 1-0

[Event "TUR-chT"]
[Site "Kocaeli"]
[Date "2017.08.04"]
[Round "10.4"]
[White "Duran, Esma Doga"]
[Black "Ayazmali, Gizem"]
[Result "1-0"]
[WhiteElo "1939"]
[BlackElo "1849"]
[PlyCount "135"]
[EventDate "2017.07.26"]
[EventType "team-tourn"]
[EventRounds "13"]
[EventCountry "TUR"]
[SourceTitle "CBM 179 Extra"]
[Source "ChessBase"]
[SourceDate "2017.08.23"]
[SourceVersion "1"]
[SourceVersionDate "2017.08.23"]
[SourceQuality "1"]
[WhiteTeam "Istanbul Turk Hava"]
[BlackTeam "Istanbul Bogazici Univ"]
[WhiteTeamCountry "TUR"]
[BlackTeamCountry "TUR"]

1. d4 Nf6 2. c4 g6 3. Nc3 Bg7 4. e4 d6 5. Nf3 0-0 6. Be2 Nbd7 7. 0-0 c6 8. h3 e5 9. dxe5 dxe5 10. Be3 Qe7 11. Qc2 Nh5 12. Rfd1 Nc5 13. b4 Ne6 14. c5 Nhf4 15. Bc4 Ng5 16. Nxg5 Qxg5 17. Bxf4 exf4 18. Qd3 Qf6 19. Rac1 Be6 20. Bxe6 Qxe6 21. Qd7 Rad8 22. Qxe6 fxe6 23. Ne2 Be5 24. f3 Kf7 25. Kf2 Ke7 26. Ke1 Rxd1+ 27. Rxd1 Rd8 28. Rxd8 Kxd8 29. Kd2 b6 30. Kd3 Kd7 31. cxb6 axb6 32. a4 c5 33. bxc5 bxc5 34. Kc4 Kc6 35. Nc1 Bc7 36. Nd3 Bd6 37. e5 Bc7 38. Nxc5 Bxe5 39. Nxe6 h6 40. a5 Bb8 41. Nd4+ Kb7 42. Kd5 Bc7 43. Ne6 Bxa5 44. Nxf4 g5 45. Ne6 Kc8 46. Kd6 Bb4+ 47. Kc6 Bc3 48. g4 Bb2 49. Kd6 Bf6 50. Nf8 Kd8 51. Ke6 Bb2 52. Kf7 Bc3 53. Ne6+ Kd7 54. Ng7 Kd6 55. Nf5+ Ke5 56. Kg6 Kf4 57. Kxh6 Bd2 58. Nd6 Kxf3 59. Kh5 Kg2 60. Ne4 Bb4 61. Nxg5 Kg3 62. h4 Be7 63. Ne4+ Kf4 64. Nc3 Ke5 65. g5 Kf5 66. Nd5 Bf8 67. Ne3+ Ke4 68. Kg6 1-0

[Event "TUR-chT"]
[Site "Kocaeli"]
[Date "2017.07.29"]
[Round "4.6"]
[White "Ayazmali, Gizem"]
[Black "Gundogan, Sinem Cagla"]
[Result "0-1"]
[WhiteElo "1849"]
[BlackElo "2000"]
[PlyCount "96"]
[EventDate "2017.07.26"]
[EventType "team-tourn"]
[EventRounds "13"]
[EventCountry "TUR"]
[SourceTitle "CBM 179 Extra"]
[Source "ChessBase"]
[SourceDate "2017.08.23"]
[SourceVersion "1"]
[SourceVersionDate "2017.08.23"]
[SourceQuality "1"]
[WhiteTeam "Istanbul Bogazici Univ"]
[BlackTeam "Hatay Buyuksehir"]
[WhiteTeamCountry "TUR"]
[BlackTeamCountry "TUR"]

1. Nf3 Nf6 2. g3 d5 3. Bg2 c6 4. d4 Bf5 5. 0-0 e6 6. c4 dxc4 7. Ne5 Be7 8. Nc3 0-0 9. Nxc4 Na6 10. e4 Bg6 11. Ne5 Qb6 12. Bg5 Rad8 13. Nxg6 hxg6 14. e5 Qxb2 15. exf6 gxf6 16. Bh6 Qxc3 17. Bxf8 Bxf8 18. Qb3 Qb4 19. Rab1 Rxd4 20. Qxb4 Rxb4 21. Rxb4 Nxb4 22. Rb1 b6 23. a3 Nd5 24. Kf1 Bc5 25. Rc1 Kf8 26. Ke2 Ke7 27. Bxd5 exd5 28. f4 f5 29. Kd3 Kd7 30. Rc2 Be7 31. a4 c5 32. Rd2 c4+ 33. Kc2 Kd6 34. h4 Bf6 35. h5 gxh5 36. Rh2 d4 37. Rxh5 Ke6 38. Rh6 a6 39. Rh1 b5 40. axb5 axb5 41. Rb1 Kd5 42. Rxb5+ Ke4 43. Rb4 c3 44. Rb8 d3+ 45. Kc1 Bd4 46. Rb4 Ke3 47. Rc4 c2 48. Rc8 Ke2 0-1

[Event "TUR-chT"]
[Site "Kocaeli"]
[Date "2017.07.28"]
[Round "3.2"]
[White "Kargaci, Humeyra"]
[Black "Ayazmali, Gizem"]
[Result "1/2-1/2"]
[WhiteElo "1737"]
[BlackElo "1849"]
[PlyCount "83"]
[EventDate "2017.07.26"]
[EventType "team-tourn"]
[EventRounds "13"]
[EventCountry "TUR"]
[SourceTitle "CBM 179 Extra"]
[Source "ChessBase"]
[SourceDate "2017.08.23"]
[SourceVersion "1"]
[SourceVersionDate "2017.08.23"]
[SourceQuality "1"]
[WhiteTeam "Varyant Yontem"]
[BlackTeam "Istanbul Bogazici Univ"]
[WhiteTeamCountry "TUR"]
[BlackTeamCountry "TUR"]

1. d4 Nf6 2. c4 g6 3. Nc3 Bg7 4. e4 d6 5. Nf3 0-0 6. Be2 e5 7. dxe5 dxe5 8. Bg5 Qxd1+ 9. Rxd1 c6 10. Nd2 h6 11. Be3 Na6 12. f3 Rd8 13. Kf2 Be6 14. Nb3 b6 15. c5 Rxd1 16. Rxd1 Bxb3 17. axb3 Nxc5 18. Bxc5 bxc5 19. Ra1 Nd7 20. Ra6 Nb6 21. Na4 Nxa4 22. Rxa4 Bf8 23. Bc4 a5 24. Ra1 Bd6 25. Ke2 Kf8 26. h4 Ke7 27. Rh1 Bc7 28. h5 g5 29. g4 Rd8 30. Rd1 Rd4 31. Ra1 f6 32. Ke3 Rd8 33. Ke2 Rb8 34. Ke3 Rb4 35. Ke2 a4 36. Rxa4 Rxa4 37. bxa4 Kd7 38. Kd3 Ba5 39. Kc2 Kc7 40. b3 Kb6 41. Kd3 Be1 42. Ke2 1/2-1/2

[Event "TUR-chT"]
[Site "Kocaeli"]
[Date "2017.07.27"]
[Round "2.5"]
[White "Ayazmali, Gizem"]
[Black "Ozbay, Ece"]
[Result "1-0"]
[WhiteElo "1849"]
[BlackElo "1970"]
[PlyCount "77"]
[EventDate "2017.07.26"]
[EventType "team-tourn"]
[EventRounds "13"]
[EventCountry "TUR"]
[SourceTitle "CBM 179 Extra"]
[Source "ChessBase"]
[SourceDate "2017.08.23"]
[SourceVersion "1"]
[SourceVersionDate "2017.08.23"]
[SourceQuality "1"]
[WhiteTeam "Istanbul Bogazici Univ"]
[BlackTeam "Manisa TS Alyans"]
[WhiteTeamCountry "TUR"]
[BlackTeamCountry "TUR"]

1. e4 c5 2. Nf3 e6 3. d4 cxd4 4. Nxd4 Nc6 5. Nc3 Qc7 6. Be3 a6 7. Qf3 Nf6 8. 0-0-0 Bb4 9. Nb1 0-0 10. a3 Ne5 11. Qe2 Bc5 12. Bg5 Be7 13. f4 Nc6 14. e5 Nd5 15. Bxe7 Ncxe7 16. Qf2 d6 17. exd6 Qxd6 18. g3 b5 19. Bg2 Bb7 20. f5 e5 21. Nb3 Rfd8 22. Nc3 Qh6+ 23. Qd2 Qb6 24. Nxd5 Nxd5 25. Qe2 f6 26. Rd2 Rd6 27. Rhd1 Rad8 28. Be4 b4 29. Qc4 Qc6 30. Qxc6 Bxc6 31. Na5 bxa3 32. bxa3 Nc3 33. Rxd6 Rxd6 34. Rxd6 Bxe4 35. Kb2 Nb5 36. Rxa6 Bxf5 37. a4 Nd4 38. Nc4 Nxc2 39. Nd6 1-0

[Event "EU-ch U16 Girls 26th"]
[Site "Prague"]
[Date "2016.08.25"]
[Round "7"]
[White "Ayazmali, Gizem"]
[Black "Cvitan, Ena"]
[Result "1/2-1/2"]
[WhiteElo "1816"]
[BlackElo "2045"]
[PlyCount "97"]
[EventDate "2016.08.18"]
[EventType "swiss"]
[EventRounds "9"]
[EventCountry "CZE"]
[SourceTitle "CBM 174 Extra"]
[Source "ChessBase"]
[SourceDate "2016.10.10"]
[SourceVersion "1"]
[SourceVersionDate "2016.10.10"]
[SourceQuality "1"]

1. e4 c5 2. Nf3 Nc6 3. Nc3 g6 4. d4 cxd4 5. Nxd4 Bg7 6. Be3 Nf6 7. Bc4 0-0 8. Bb3 d6 9. 0-0 Ng4 10. Nxc6 bxc6 11. Qd2 Nxe3 12. Qxe3 Ba6 13. Rfe1 c5 14. Rad1 Rb8 15. Nd5 e6 16. Nf4 Qe7 17. c4 Bxb2 18. Qd2 Bd4 19. Ne2 e5 20. Qh6 Qf6 21. Nxd4 cxd4 22. Rd3 Rbc8 23. Rc1 Rc5 24. Rf3 Qg7 25. Qh4 f6 26. h3 g5 27. Qg4 Bc8 28. Qg3 Qg6 29. Re1 Be6 30. Rd3 Rfc8 31. Rdd1 h5 32. Qd3 Qf7 33. Qd2 Bxc4 34. Bxc4 Qxc4 35. h4 Qc2 36. Qb4 g4 37. Rc1 Qxc1 38. Rxc1 Rxc1+ 39. Kh2 R1c6 40. Qb3+ Kg7 41. Qa3 R8c7 42. f3 gxf3 43. Qxf3 Rc3 44. Qxh5 d3 45. Qg4+ Kf7 46. Qh5+ Ke7 47. Qh7+ Kd8 48. Qg8+ Kd7 49. Qf7+ 1/2-1/2

[Event "EU-ch U16 Girls 26th"]
[Site "Prague"]
[Date "2016.08.24"]
[Round "6"]
[White "Redondo Benavente, Ana"]
[Black "Ayazmali, Gizem"]
[Result "1/2-1/2"]
[WhiteElo "2088"]
[BlackElo "1816"]
[PlyCount "104"]
[EventDate "2016.08.18"]
[EventType "swiss"]
[EventRounds "9"]
[EventCountry "CZE"]
[SourceTitle "CBM 174 Extra"]
[Source "ChessBase"]
[SourceDate "2016.10.10"]
[SourceVersion "1"]
[SourceVersionDate "2016.10.10"]
[SourceQuality "1"]

1. e4 c5 2. c3 d5 3. exd5 Qxd5 4. d4 Nf6 5. Nf3 Bg4 6. Be2 cxd4 7. cxd4 e6 8. Nc3 Qa5 9. h3 Bh5 10. 0-0 a6 11. Re1 Be7 12. a3 0-0 13. Qb3 Qc7 14. Be3 Nc6 15. Rac1 Bd6 16. d5 exd5 17. Nxd5 Nxd5 18. Qxd5 Bg6 19. Nd4 Rad8 20. Qa2 Qa5 21. Nxc6 bxc6 22. Bf3 c5 23. Qc4 Bd3 24. Qh4 Qc7 25. Bxc5 Bxc5 26. b4 Bxf2+ 27. Qxf2 Qf4 28. Rc5 Bb5 29. Bc6 Qxf2+ 30. Kxf2 Rd2+ 31. Kf3 Rd3+ 32. Re3 Rxe3+ 33. Kxe3 Bf1 34. a4 g6 35. Rc1 Rc8 36. Rc5 Rb8 37. b5 axb5 38. axb5 Kf8 39. Kd4 Ke7 40. Re5+ Kf6 41. h4 Rd8+ 42. Rd5 Rxd5+ 43. Kxd5 Bxb5 44. Bxb5 Kf5 45. Bd7+ Kf4 46. g4 Kg3 47. Ke5 Kxh4 48. Kf6 g5 49. Kxf7 h5 50. gxh5 Kxh5 51. Kf6 g4 52. Bxg4+ Kxg4 1/2-1/2

[Event "EU-ch U16 Girls 26th"]
[Site "Prague"]
[Date "2016.08.22"]
[Round "5"]
[White "Ayazmali, Gizem"]
[Black "Olde, Margareth"]
[Result "1-0"]
[WhiteElo "1816"]
[BlackElo "2059"]
[PlyCount "153"]
[EventDate "2016.08.18"]
[EventType "swiss"]
[EventRounds "9"]
[EventCountry "CZE"]
[SourceTitle "CBM 174 Extra"]
[Source "ChessBase"]
[SourceDate "2016.10.10"]
[SourceVersion "1"]
[SourceVersionDate "2016.10.10"]
[SourceQuality "1"]

1. e4 d5 2. exd5 Qxd5 3. Nc3 Qd6 4. d4 Nf6 5. Nf3 g6 6. Nb5 Qb6 7. Na3 c6 8. Nc4 Qc7 9. Nce5 Bg7 10. Bc4 Nd5 11. 0-0 0-0 12. Bb3 Nd7 13. Re1 N7b6 14. c4 Nf6 15. h3 Bf5 16. Bf4 Qd8 17. Qe2 a5 18. a4 Nc8 19. Rad1 Bd7 20. Ng5 Be8 21. Ne4 Nxe4 22. Qxe4 Kh8 23. d5 Nd6 24. Qc2 c5 25. Nd3 Rc8 26. Be5 Nf5 27. Bxg7+ Kxg7 28. Qc3+ Kg8 29. Ne5 Nd4 30. Nf3 Nxb3 31. Qxb3 Qd7 32. Ne5 Qd6 33. Ng4 h5 34. Ne5 Ra8 35. Rd3 f6 36. Nf3 Bd7 37. Rde3 Rf7 38. Qc2 Rg7 39. Nh4 f5 40. Nf3 Qf6 41. Qe2 Re8 42. Ne5 Bc8 43. Qd2 Qd6 44. Nf3 g5 45. Nxg5 Qf4 46. Rxe7 Rgxe7 47. Qxf4 Rxe1+ 48. Kh2 R1e7 49. Qd6 Rg7 50. h4 Bd7 51. Qxc5 Re2 52. Qxa5 Rge7 53. Qd8+ Be8 54. Ne6 Kf7 55. Qd6 Bxa4 56. Qg3 R7xe6 57. dxe6+ Kxe6 58. b3 Bc6 59. Qg6+ Ke5 60. Qg3+ f4 61. Qg5+ Ke4 62. Qg6+ Kd4 63. Qxh5 Rxf2 64. Qd1+ Ke3 65. Qe1+ Re2 66. Qc3+ Kf2 67. Qd4+ Ke1 68. Qxf4 Rxg2+ 69. Kh3 Rf2 70. Qc1+ Ke2 71. Kg4 Bd7+ 72. Kg5 Rg2+ 73. Kf6 Rf2+ 74. Ke5 Bg4 75. Qg5 Bf3 76. h5 Rg2 77. Qxg2+ 1-0

[Event "EU-ch U16 Girls 26th"]
[Site "Prague"]
[Date "2016.08.19"]
[Round "2"]
[White "Tishova, Svetlana"]
[Black "Ayazmali, Gizem"]
[Result "1/2-1/2"]
[WhiteElo "2012"]
[BlackElo "1816"]
[PlyCount "141"]
[EventDate "2016.08.18"]
[EventType "swiss"]
[EventRounds "9"]
[EventCountry "CZE"]
[SourceTitle "CBM 174 Extra"]
[Source "ChessBase"]
[SourceDate "2016.10.10"]
[SourceVersion "1"]
[SourceVersionDate "2016.10.10"]
[SourceQuality "1"]

1. e4 c5 2. Nf3 d6 3. Bb5+ Bd7 4. Bxd7+ Qxd7 5. 0-0 Nc6 6. c3 Nf6 7. Qe2 e6 8. d4 cxd4 9. cxd4 d5 10. e5 Ne4 11. Be3 Be7 12. Ne1 f6 13. f3 Ng5 14. Nd3 b6 15. Nd2 0-0 16. Bf2 fxe5 17. dxe5 Rac8 18. f4 Nf7 19. a3 Na5 20. Rac1 Nh6 21. h3 Nc4 22. Nf3 Na5 23. g4 Nb3 24. Rxc8 Rxc8 25. Kh2 Nf7 26. Nd4 Nxd4 27. Bxd4 Qa4 28. Qe3 Rc4 29. b4 Rc2+ 30. Rf2 Bh4 31. Rxc2 Qxc2+ 32. Nf2 Nd8 33. b5 Bxf2 34. Qxf2 Qxf2+ 35. Bxf2 Nb7 36. Kg2 Na5 37. Kf3 Nc4 38. a4 Nd2+ 39. Ke2 Nc4 40. Bd4 Kf7 41. f5 Ke7 42. Kf3 Kf7 43. h4 Na5 44. Bc3 Nc4 45. Kf4 Na3 46. h5 Nc4 47. Bd4 Na5 48. Kg5 Nb3 49. Bf2 Nd2 50. Kf4 Nc4 51. Bg1 Na5 52. Bd4 Nc4 53. Bc3 Na3 54. Kg5 h6+ 55. Kf4 Nc4 56. g5 hxg5+ 57. Kxg5 exf5 58. Kxf5 Ne3+ 59. Kf4 Nc2 60. e6+ Kxe6 61. Bxg7 Kf7 62. Be5 Nb4 63. Kg5 Nd3 64. Bb8 Nc5 65. Bxa7 Nxa4 66. h6 d4 67. Kf4 Kg6 68. Bb8 Kxh6 69. Bc7 Nc3 70. Be5 Nxb5 71. Ke4 1/2-1/2

[Event "EU-ch U16 Girls 26th"]
[Site "Prague"]
[Date "2016.08.18"]
[Round "1"]
[White "Ayazmali, Gizem"]
[Black "Sliwicka, Alicja"]
[Result "1-0"]
[WhiteElo "1816"]
[BlackElo "2138"]
[PlyCount "141"]
[EventDate "2016.08.18"]
[EventType "swiss"]
[EventRounds "9"]
[EventCountry "CZE"]
[SourceTitle "CBM 174 Extra"]
[Source "ChessBase"]
[SourceDate "2016.10.10"]
[SourceVersion "1"]
[SourceVersionDate "2016.10.10"]
[SourceQuality "1"]

1. e4 e5 2. Nf3 Nc6 3. Bc4 Nf6 4. d3 h6 5. c3 d6 6. h3 g6 7. Be3 Bg7 8. Nbd2 0-0 9. Bb3 Qe7 10. 0-0 Nd8 11. Re1 Ne6 12. d4 Nh7 13. dxe5 dxe5 14. Nc4 Neg5 15. Nxg5 Nxg5 16. Bxg5 hxg5 17. Qe2 Bd7 18. Ne3 Rae8 19. Nd5 Qd8 20. Rad1 c6 21. Ne3 Qc8 22. Nc4 Re7 23. Qe3 Bf6 24. Qxa7 Bxh3 25. gxh3 b5 26. Qe3 bxc4 27. Bxc4 Kg7 28. Qf3 Ra7 29. Rd2 Bd8 30. Red1 f5 31. exf5 Bb6 32. Qg4 Qxf5 33. Qxf5 Rxf5 34. Rd7+ Kf8 35. R7d2 Rf4 36. Bb3 Rh7 37. Kg2 g4 38. hxg4 Rxg4+ 39. Kf1 Rf4 40. Bc2 Rh2 41. Kg1 Rh5 42. a4 Rg4+ 43. Kf1 Rh2 44. Rd8+ Bxd8 45. Rxd8+ Ke7 46. Rd2 Rh1+ 47. Ke2 Ra1 48. b4 Ra3 49. Rd3 Re4+ 50. Kd2 Rf4 51. f3 Rh4 52. Kc1 Ra1+ 53. Kb2 Rf1 54. Re3 Ke6 55. Bxg6 c5 56. Be4 c4 57. b5 Rh2+ 58. Ka3 Kd6 59. Kb4 Ra1 60. Kxc4 Rxa4+ 61. Kb3 Raa2 62. Rd3+ Ke6 63. Kb4 Rab2+ 64. Kc5 Rh8 65. Rd6+ Ke7 66. Rc6 Rb3 67. c4 Rd8 68. Bd5 Kd7 69. Rd6+ Kc7 70. b6+ Kc8 71. Be6+ 1-0

[Event "TUR-chT"]
[Site "Izmir"]
[Date "2016.08.03"]
[Round "10.5"]
[White "Hereklioglu, Sude"]
[Black "Ayazmali, Gizem"]
[Result "1-0"]
[WhiteElo "1703"]
[BlackElo "1839"]
[PlyCount "79"]
[EventDate "2016.07.25"]
[EventType "team-swiss"]
[EventRounds "13"]
[EventCountry "TUR"]
[SourceTitle "CBM 173 Extra"]
[Source "ChessBase"]
[SourceDate "2016.08.29"]
[SourceVersion "1"]
[SourceVersionDate "2016.08.29"]
[SourceQuality "1"]
[WhiteTeam "Istanbul Teknik Uni"]
[BlackTeam "Tas Duvar"]
[WhiteTeamCountry "TUR"]
[BlackTeamCountry "TUR"]

1. e4 c5 2. Nf3 d6 3. d4 cxd4 4. Qxd4 Nc6 5. Bb5 Bd7 6. Bxc6 Bxc6 7. Nc3 Nf6 8. Bg5 e6 9. 0-0-0 Be7 10. Qd3 0-0 11. Nd4 Qa5 12. f4 Rfc8 13. f5 e5 14. Bxf6 Bxf6 15. Nb3 Qc7 16. Qxd6 Bg5+ 17. Kb1 Qxd6 18. Rxd6 Kf8 19. Rdd1 Ke7 20. Na5 Rab8 21. Nxc6+ bxc6 22. Rd3 Rd8 23. Rhd1 Rxd3 24. Rxd3 Rd8 25. Rxd8 Kxd8 26. b4 Bf4 27. g3 Bd2 28. Kb2 Ke7 29. a4 Kd6 30. Kb3 Be3 31. Nd1 Bg1 32. h3 Kc7 33. Nb2 f6 34. Nd3 Kb6 35. Kc4 a6 36. a5+ Kc7 37. Nc5 Bxc5 38. Kxc5 g6 39. g4 g5 40. c3 1-0

[Event "EU-chT U18 Girls"]
[Site "Celje"]
[Date "2016.07.16"]
[Round "7.2"]
[White "Suchomelova, Simona"]
[Black "Ayazmali, Gizem"]
[Result "0-1"]
[WhiteElo "1812"]
[BlackElo "1909"]
[PlyCount "68"]
[EventDate "2016.07.10"]
[EventType "team-swiss"]
[EventRounds "7"]
[EventCountry "SLO"]
[SourceTitle "CBM 173 Extra"]
[Source "ChessBase"]
[SourceDate "2016.08.29"]
[SourceVersion "1"]
[SourceVersionDate "2016.08.29"]
[SourceQuality "1"]
[WhiteTeam "Czech Republic U18 Girls II"]
[BlackTeam "Turkey U18 Girls IV"]
[WhiteTeamCountry "CZE"]
[BlackTeamCountry "TUR"]

1. e4 c5 2. Nf3 d6 3. d4 cxd4 4. Nxd4 Nf6 5. Nc3 g6 6. g3 Nc6 7. Nde2 Bd7 8. Bg2 Qc8 9. h3 Bg7 10. a4 0-0 11. Kf1 Nh5 12. Kg1 Nb4 13. Nd5 Nxd5 14. exd5 Qc7 15. Ra2 e5 16. b3 f5 17. c4 f4 18. gxf4 Nxf4 19. Nxf4 exf4 20. Bf3 Rae8 21. Bb2 Be5 22. Bxe5 Rxe5 23. Bg4 Bxg4 24. Qxg4 f3 25. h4 Qe7 26. Ra1 Re1+ 27. Rxe1 Qxe1+ 28. Kh2 Qxf2+ 29. Kh3 Rf4 30. Qe6+ Kg7 31. Qe7+ Rf7 32. Qg5 Qe2 33. Qg4 Qd3 34. Qg3 h5 0-1

[Event "EU-chT U18 Girls"]
[Site "Celje"]
[Date "2016.07.15"]
[Round "6.2"]
[White "Ayazmali, Gizem"]
[Black "Vidic, Teja"]
[Result "0-1"]
[WhiteElo "1909"]
[BlackElo "2235"]
[PlyCount "94"]
[EventDate "2016.07.10"]
[EventType "team-swiss"]
[EventRounds "7"]
[EventCountry "SLO"]
[SourceTitle "CBM 173 Extra"]
[Source "ChessBase"]
[SourceDate "2016.08.29"]
[SourceVersion "1"]
[SourceVersionDate "2016.08.29"]
[SourceQuality "1"]
[WhiteTeam "Turkey U18 Girls IV"]
[BlackTeam "Slovenia U18 Girls"]
[WhiteTeamCountry "TUR"]
[BlackTeamCountry "SLO"]

1. e4 c5 2. Nf3 d6 3. d4 cxd4 4. Nxd4 Nf6 5. Nc3 Nc6 6. Be3 Ng4 7. Bb5 Nxe3 8. Nxc6 Nxd1 9. Nxd8+ Kxd8 10. Rxd1 a6 11. Bc4 e6 12. e5 Kc7 13. exd6+ Bxd6 14. 0-0 Bd7 15. Ne2 Rad8 16. c3 b5 17. Bb3 Bc5 18. Rd2 Bc6 19. Rfd1 Rxd2 20. Rxd2 a5 21. Kf1 a4 22. Bc2 Bd5 23. b3 axb3 24. Bxb3 Bc6 25. Rd1 h5 26. Nd4 Bd7 27. c4 bxc4 28. Bxc4 Rb8 29. Nb3 Bd6 30. Ke2 Bc6 31. g3 Rb4 32. Rc1 Kd7 33. Nd4 Ba4 34. Nb3 Ke7 35. Kd3 Kf6 36. Re1 Kg5 37. h4+ Kf6 38. Re2 Rb8 39. Nd2 Bb4 40. Nb3 Rd8+ 41. Kc2 Kf5 42. Bd3+ Kf6 43. Bc4 e5 44. f3 Rc8 45. Kd3 Bd7 46. Ba6 Rc3+ 47. Ke4 Bc6# 0-1